000 00458nam a2200205Ia 4500
008 210210b1924 xxu||||| |||| 00| 0 eng d
041 _aeng
082 _a821/640
100 _aSWINBURNE (A C)
245 _aPoems and ballads Vol I
260 _aLondon
_bWilliam Heinemann Ltd.
_c1924
440 _aI
650 _aVol
650 _aPoems
650 _aI
650 _aballads
650 _aand
690 _aEnglish Literature
906 _a011808
999 _c130515
_d130515